000 00346nam a2200109Ia 4500
008 171211s9999 xx 000 0 und d
245 _aDeveloping Windows-based And Web-enabled Information Systems
245 _cNong Ye and Teresa Wu
260 _c2014
650 _xWeb Development
856 _uhttp://down.ebook777.com/012/DevWinAndWebInfSys.pdf
999 _c350078
_d350078